MARC details
| 000 -CABECERA |
| campo de control de longitud fija |
01890cab a2200301 ab4500 |
| 005 - FECHA Y HORA DE LA ÚLTIMA TRANSACCIÓN |
| campo de control |
20250602134658.0 |
| 008 - ELEMENTOS DE LONGITUD FIJA--INFORMACIÓN GENERAL |
| campo de control de longitud fija |
991125c2019 ck fr p o 000 0 spa d |
| 035 ## - NÚMERO DE CONTROL DEL SISTEMA |
| Número de control de sistema |
UPN01000233834 |
| 040 ## - FUENTE DE LA CATALOGACIÓN |
| Centro catalogador/agencia de origen |
MX-MxUPN |
| Lengua de catalogación |
spa |
| Centro/agencia transcriptor |
MX-MxUPN |
| Normas de descripción |
aacr2 |
| 049 ## - COLECCIÓN |
| Colección |
ART-E |
| 100 1# - ASIENTO PRINCIPAL--NOMBRE PERSONAL |
| Nombre de persona |
Cárcamo, Rodrigo A. |
| Enlace |
- rodrigo.carcamo@umag.cl |
| 100 1# - ASIENTO PRINCIPAL--NOMBRE PERSONAL |
| Nombre de persona |
Lagos, Sandy |
| 100 1# - ASIENTO PRINCIPAL--NOMBRE PERSONAL |
| Nombre de persona |
García Riquelme, Alejandra |
| 100 1# - ASIENTO PRINCIPAL--NOMBRE PERSONAL |
| Nombre de persona |
Gómez, Esteban |
| 245 10 - MENCIÓN DE TÍTULO |
| Título |
Apego en niños con asistencia temprana a salas cuna en la ciudad de Punta Arenas (Chile) : |
| Resto del título |
un estudio piloto |
| Medio |
[recurso electrónico en línea] |
| 506 0# - NOTA DE RESTRICCIONES AL ACCESO |
| Limitaciones de acceso |
Acceso abierto |
| 520 3# - NOTA DE RESUMEN, ETC. |
| Sumario, etc. |
Este estudio piloto tuvo por objetivo conocer los vínculos de apego en niños y niñas que asisten a salas cuna. Se aplicó la Escala de apego durante estrés (ADS) a 25 díadas madre-infante (cuyos niños y niñas tenían entre 10 y 14 meses de edad), que asistían a salas cuna en la ciudad de Punta Arenas. La muestra fue no probabilística intencional, mientras que el diseño no experimental, transversal, descriptivo.Los resultados indican que la distribución de los tipos de apego es similar al patrón universal; sin embargo, una prolongada estadía en salas cuna se asocia a un mayor riesgo de apego inseguro aun cuando los efectos de la edad de ingreso son controlados. Se discuten los alcances e implicancias para futuras investigaciones. RLCS |
| 653 0# - TERMINO DE INDIZACION - NO CONTROLADO |
| Término no controlado |
Apego infantil |
| 653 0# - TERMINO DE INDIZACION - NO CONTROLADO |
| Término no controlado |
Orfanatos |
| 653 0# - TERMINO DE INDIZACION - NO CONTROLADO |
| Término no controlado |
Cuidado infantil |
| 653 0# - TERMINO DE INDIZACION - NO CONTROLADO |
| Término no controlado |
Atención temprana |
| 773 ## - ENLACE AL DOCUMENTO FUENTE/ENTRADA DE REGISTRO ANFITRIÓN |
| Parte(s) relacionada(s) |
Vol. 17, no. 2, (2019), p. 1-21 |
| Título |
Revista latinoamericana de ciencias sociales, niñez y juventud |
| Número Internacional Normalizado para Publicaciones Seriadas |
2027-7679 |
| 856 4# - LOCALIZACIÓN Y ACCESO ELECTRÓNICOS |
| Identificador Uniforme del Recurso |
<a href="http://revistaumanizales.cinde.org.co/rlcsnj/index.php/Revista-Latinoamericana/article/view/3341/1016">http://revistaumanizales.cinde.org.co/rlcsnj/index.php/Revista-Latinoamericana/article/view/3341/1016</a> |
| 856 4# - LOCALIZACIÓN Y ACCESO ELECTRÓNICOS |
| Identificador Uniforme del Recurso |
<a href="http://dx.doi.org/10.11600/1692715x.17210">http://dx.doi.org/10.11600/1692715x.17210</a> |
| 902 ## - ELEMENTOS DE DATOS B LOCAL, LDB (RLIN) |
| Creó |
Leonor Sotres/020625 |
| 905 ## - TIPO DE MATERIAL |
| Tipo de material |
Articulo |
| 942 ## - ELEMENTOS DE PUNTO DE ACCESO ADICIONAL (KOHA) |
| Tipo de ítem Koha |
Artículo Electrónico |
| Fuente del sistema de clasificación o colocación |
Library of Congress Classification |